| 000 | 01165nam a2200373 a 4500 | ||
|---|---|---|---|
| 003 | AR-BaBNM | ||
| 005 | 20251128203159.0 | ||
| 008 | 082120s2002 ||||||||||||||000 | spa|| | ||
| 040 | _cAR-BaBNM | ||
| 100 | 1 | _aFernández Martínez, José | |
| 245 | 0 | 0 |
_aCiencias naturales ; _bCiencias físico-químicas |
| 260 |
_aBuenos Aires _bRuy Díaz _c1970 |
||
| 300 |
_a139 p. _bil., gráfs., tablas |
||
| 490 | 0 |
_aDesarrollo pedagógico práctico: de 1° a 5° grado _vt. 4 |
|
| 650 | 4 | _aENSEÑANZA DE LA CIENCIA | |
| 650 | 4 | _aENSEÑANZA DE LA FISICA | |
| 650 | 4 | _aENSEÑANZA DE LA QUIMICA | |
| 650 | 4 | _aEXPERIMENTOS CIENTIFICOS | |
| 650 | 4 | _aEXPERIMENTOS DE LABORATORIO | |
| 650 | 4 | _aMATERIAL DIDACTICO | |
| 650 | 4 | _aMATERIALES DE APOYO | |
| 650 | 4 | _aMATERIAL DIDACTICO | |
| 650 | 4 | _aACTIVIDADES DE APRENDIZAJE | |
| 650 | 4 | _aEVALUACION DEL ALUMNO | |
| 650 | 4 | _aUNIDADES DE ENSEÑANZA | |
| 650 | 4 | _aTECNICAS DIDACTICAS | |
| 650 | 4 | _aMETODOS DE ENSEÑANZA | |
| 653 | _aEDUCACION PRIMARIA | ||
| 653 | _aPROCESO DE ENSEÑANZA-APRENDIZAJE | ||
| 700 | 1 | _aRuíz, Elsa | |
| 800 | 1 |
_aZuccotti, Rafael Juan _edirector |
|
| 942 | _cBK | ||
| 998 | _cGrace | ||
| 999 |
_c2269 _d2269 |
||